书目信息 |
| 题名: |
环境生态学研究方法引论
|
|
| 作者: | 刘静玲 编著 | |
| 分册: | ||
| 出版信息: | 北京 北京师范大学出版社 2020.1 |
|
| 页数: | 315页 | |
| 开本: | 19cm | |
| 丛书名: | ||
| 单 册: | ||
| 中图分类: | X171 | |
| 科图分类: | ||
| 主题词: | 环境生态学--高等学校--教材 | |
| 电子资源: | ||
| ISBN: | 978-7-303-25590-0 | |
| 000 | 01315nam0 2200229 450 | |
| 001 | 012020015611 | |
| 005 | 20200616171325.4 | |
| 010 | @a978-7-303-25590-0@dCNY59.80 | |
| 100 | @a20200616d2020 em y0chiy0110 ea | |
| 101 | 0 | @achi |
| 102 | @aCN@b110000 | |
| 105 | @af z 000zy | |
| 106 | @ar | |
| 200 | 1 | @a环境生态学研究方法引论@9Huan Jing Sheng Tai Xue Yan Jiu Fang Fa Yin Lun @f刘静玲编著 |
| 210 | @a北京@c北京师范大学出版社@d2020.1 | |
| 215 | @a315页@d19cm | |
| 330 | @a环境科学与工程及其相关学科的科学研究中,经常需要研究者对于生态学理论和研究方法的灵活运用,最佳选择并进行集成与与优化,更需要以环境问题为导向,以生态学的思维去设计研究方案,对于环境生态问题进行科学系统的诊断,优化方法,寻求最佳解决方案。国家生态文明新战略更要求在环境战略环评、城乡规划和工程实施过程中生态优先、环境以及公民健康为重。本教材针对环境科学、环境工程以及环境生态工程及相关专业研究生在开展环境生态科学研究和学位论文选题中面临的薄弱环节,研究方法的选择和研究方案设计的科学训练不足,综合分析、逻辑推理和创新能力提升空间巨大,特为高年级优秀本科生、研究生一年级设计的一门科学方法学课程,博士一年级学生也可以选修,同时也可以作为相关专业的教学和管理培训用书。 | |
| 606 | 0 | @a环境生态学@x高等学校@j教材 |
| 690 | 0 | @aX171@v5 |
| 701 | 0 | @a刘静玲@9Liu Jing Ling @4编著 |
| 801 | 0 | @aCN@b人天书店@c20200616 |
| 905 | @aTSG@dX171@eL633@f1 | |
| 环境生态学研究方法引论/刘静玲编著.-北京:北京师范大学出版社,2020.1 |
| 315页;19cm |
| ISBN 978-7-303-25590-0:CNY59.80 |
| 环境科学与工程及其相关学科的科学研究中,经常需要研究者对于生态学理论和研究方法的灵活运用,最佳选择并进行集成与与优化,更需要以环境问题为导向,以生态学的思维去设计研究方案,对于环境生态问题进行科学系统的诊断,优化方法,寻求最佳解决方案。国家生态文明新战略更要求在环境战略环评、城乡规划和工程实施过程中生态优先、环境以及公民健康为重。本教材针对环境科学、环境工程以及环境生态工程及相关专业研究生在开展环境生态科学研究和学位论文选题中面临的薄弱环节,研究方法的选择和研究方案设计的科学训练不足,综合分析、逻辑推理和创新能力提升空间巨大,特为高年级优秀本科生、研究生一年级设计的一门科学方法学课程,博士一年级学生也可以选修,同时也可以作为相关专业的教学和管理培训用书。 |
| ● |
| 相关链接 |
|
|
|
正题名:环境生态学研究方法引论
索取号:X171/L633
 
预约/预借
| 序号 | 登录号 | 条形码 | 馆藏地/架位号 | 状态 | 备注 |
| 1 | 1534829 | 215348292 | 自科库501/501自科库 63排2列2层/ [索取号:X171/L633] | 在馆 |